Guess the Marvel Rivals character by their real names - Statistics

General Stats
  • This quiz has been taken 758 times
  • The average score is 29 of 35
Answer Stats
Hint Answer % Correct
Bruce Banner Hulk
98%
Groot Groot
97%
Peter Parker Spiderman
97%
Steve Rogers Captain America
96%
Adam warlock Adam warlock
95%
Wanda maximoff Scarlet witch
95%
Peter Quill Star lord
94%
Bucky Barnes Winter soldier
94%
T'challa Black panther
93%
Natalia Romanova
(Natasha Romanoff)
Black widow
92%
Jeffrey Jeff the landshark
92%
Namor McKenzie Namor
92%
Peni (SP//Dr) Peni Parker
92%
---- Odinson Thor
92%
Eddie Brock Venom
92%
James howlett
(Logan)
Wolverine
92%
Reed Richards Mr Fantastic
90%
Stephen Strange Dr Strange
89%
Mantis Mantis
89%
Tony stark Iron man
88%
Tyrone Johnson &
Tandy bowen
Cloak & Dagger
87%
Clint Barton Hawkeye
85%
---- odinsdottir Hela
85%
Susan Storm-richards Invisible woman
85%
Mark Spector
Steven Grant
Jake Lockley
Moonknight
83%
---- laufeyson
(Odinson)
Loki
81%
Frank Castle
Punisher
78%
89P13 Rocket raccoon
75%
Illyana Rasputin Magik
70%
Max eisenhart
(Erik lehnsherr)
Magneto
66%
Doreen green Squirrel girl
63%
Ororo Munroe Storm
61%
Lin lie Iron fist
57%
Seol hee Luna snow
41%
Betsy Braddock Psylocke
35%
No matching quizzes found
Score Distribution
Percent of People with Each Score
Percentile by Number Answered
Your Score History
You have not taken this quiz